| 000 | 00643nam a2200217 a 4500 | ||
|---|---|---|---|
| 001 | 43872 | ||
| 003 | BD-RjUL | ||
| 005 | 20211209053751.0 | ||
| 008 | 160628m19661944enk||||| |||| 00| 0 eng d | ||
| 035 | _a(BD-RjUL)43990 | ||
| 040 |
_aBD-RjUL _beng _cBD-RjUL |
||
| 041 | _aeng | ||
| 082 |
_223 _a332.110941 _bCLB 1966 |
||
| 100 | 1 | 0 |
_aClapham, John _9134820 |
| 245 | 1 | 0 |
_aThe Bank of England : _ba history / _cby John Clapham |
| 260 |
_aCambridge : _bUniversity press, _c1944 [Reprinted 1958,1966] |
||
| 300 |
_aix, 305 p. ; _c24 cm. |
||
| 505 | 0 | _a[Vol. 1 --1694-1797, V. -2--1797-1914] | |
| 650 |
_aBank _yEngland _9134821 |
||
| 942 |
_2ddc _cBK |
||
| 999 |
_c43872 _d43872 |
||